Tên công trình: Phối hợp các phương pháp dạy học để mở đầu bài mới các tiết dạy môn vật lí 11 nâng cao trung học phổ thông.

Cơ sở lý luận về việc sử dụng phương pháp vào bài mới ở trường trung học phổ thông. Thực trạng và giải pháp sử dụng các phương pháp vào bài mới một số bài học chương trình vật lí 11 nâng cao THPT.

Đã lưu trong:
Sonraí Bibleagrafaíochta
Príomhúdar: Nguyễn Thị Hạnh Quyên
Údair Eile: Lê Thanh Huy (hướng dẫn)
Formáid: Leabhar
Teanga:Vietnamese
Foilsithe: Đà Nẵng Trường Đại học Sư phạm 2012
Ábhair:
Clibeanna: Cuir Clib Leis
Gan Chlibeanna, Bí ar an gcéad duine leis an taifead seo a chlibeáil!
Thư viện lưu trữ: Mạng thư viện Đại học Đà Nẵng
LEADER 01786nam a2200349 4500
001 000017048
003 13459
005 20130227140216.0
008 130227s2012 viesd
041 |a vie 
082 1 4 |a 530.07  |b NG-Q 
100 1 |a Nguyễn Thị Hạnh Quyên 
245 0 0 |a Tên công trình: Phối hợp các phương pháp dạy học để mở đầu bài mới các tiết dạy môn vật lí 11 nâng cao trung học phổ thông.  |c Nguyễn Thị Hạnh Quyên ; Lê Thanh Huy hướng dẫn  |k Báo cáo khoa học 
260 |a Đà Nẵng  |b Trường Đại học Sư phạm  |c 2012 
300 |a 46 tr.  |b a.minh họa  |c 29 cm. 
500 |a Công trình tham gia hội nghị sinh viên nghiên cứu khoa học Trường Đại học Sư phạm năm 2012. Khoa Vật Lý 
520 |a Cơ sở lý luận về việc sử dụng phương pháp vào bài mới ở trường trung học phổ thông. Thực trạng và giải pháp sử dụng các phương pháp vào bài mới một số bài học chương trình vật lí 11 nâng cao THPT. 
650 0 4 |a dạy học vật lí  |v Báo cáo khoa học  |x nâng cao THPT  |z Đà Nẵng 
653 |a Nghiên cứu khoa học 
653 |a dạy học vật lí 
700 1 |a Lê Thanh Huy  |e hướng dẫn 
OWN |a LSP 
AVA |a UDN50  |b LSP  |d 530.07 NG-Q  |e available  |t Error 5001 Not defined in file expand_doc_bib_avail.  |f 1  |g 0  |h N  |i 0  |k 1 
999 |a From the UDN01 
AVA |a UDN50  |b LSP  |d 530.07 NG-Q  |e available  |t Error 5001 Not defined in file expand_doc_bib_avail.  |f 1  |g 0  |h N  |i 0  |k 1 
TYP |a Mixed Materials 
TYP |a Monograph 
TYP |a Printed language 
980 |a Mạng thư viện Đại học Đà Nẵng